Saving money, resources and carbon through SMARTWaste (Record no. 115993)
[ view plain ]
| 000 -LEADER | |
|---|---|
| fixed length control field | 01349cam a2200265 4500 |
| 001 - CONTROL NUMBER | |
| control field | L159553 |
| 008 - FIXED-LENGTH DATA ELEMENTS--GENERAL INFORMATION | |
| fixed length control field | 050414n2012 000 0 eng u |
| 020 ## - INTERNATIONAL STANDARD BOOK NUMBER | |
| International Standard Book Number | 9781848062665 |
| 035 ## - SYSTEM CONTROL NUMBER | |
| System control number | (Sirsi) u159553 |
| 041 ## - LANGUAGE CODE | |
| Language code of text/sound track or separate title | eng |
| 050 ## - LIBRARY OF CONGRESS CALL NUMBER | |
| Classification number | 614.76 |
| -- | 18 |
| 100 ## - MAIN ENTRY--PERSONAL NAME | |
| Personal name | Adams, Katherine |
| 245 ## - TITLE STATEMENT | |
| Title | Saving money, resources and carbon through SMARTWaste |
| 260 ## - PUBLICATION, DISTRIBUTION, ETC. | |
| Place of publication, distribution, etc. | Watford |
| Name of publisher, distributor, etc. | BRE |
| Date of publication, distribution, etc. | 2012 |
| 300 ## - PHYSICAL DESCRIPTION | |
| Extent | 34p. |
| Dimensions | 30cm. |
| 490 ## - SERIES STATEMENT | |
| Series statement | BRE Information Paper |
| Volume/sequential designation | IP9/03 |
| 520 ## - SUMMARY, ETC. | |
| Summary, etc. | SMARTWaste Plan is an online tool that was developed by BRE to help users to prepare, implement and review their site waste management plans. This report provides an overview of SMARTWaste Plan and how the data it collects can be used. Since SMARTWaste Plan was introduced in 2008, data on over 8000 completed construction projects have been collected and this information has been used to produce a range of benchmarks and performance indicators. This report provides detailed performance indicators of waste arising (related to project value or floor area) for both newbuild and refurbishment projects. |
| 650 24 - SUBJECT ADDED ENTRY--TOPICAL TERM | |
| Topical term or geographic name entry element | SITE WASTE MANAGEMENT PLANS |
| 651 #4 - SUBJECT ADDED ENTRY--GEOGRAPHIC NAME | |
| Geographic name | ENGLAND AND WALES |
| 690 ## - LOCAL SUBJECT ADDED ENTRY--TOPICAL TERM (OCLC, RLIN) | |
| Topical term or geographic name as entry element | ENVIRONMENTAL AND LAND CONSULTANCY-WASTE MANAGEMENT |
| 700 ## - ADDED ENTRY--PERSONAL NAME | |
| Personal name | Blackwell, Margaret |
| 700 ## - ADDED ENTRY--PERSONAL NAME | |
| Personal name | Holt, Amanda |
| 710 ## - ADDED ENTRY--CORPORATE NAME | |
| Corporate name or jurisdiction name as entry element | Building Research Establishment |
| 942 ## - ADDED ENTRY ELEMENTS (KOHA) | |
| Suppress in OPAC | 0 |
| Withdrawn status | Lost status | Source of classification or shelving scheme | Damaged status | Not for loan | Home library | Current library | Shelving location | Date acquired | Total Checkouts | Full call number | Barcode | Date last seen | Copy number | Price effective from | Koha item type |
|---|---|---|---|---|---|---|---|---|---|---|---|---|---|---|---|
| Dewey Decimal Classification | London | London | Folio | 31/08/2017 | F614.76 ADA | 30078581 | 06/08/2019 | 1 | 06/08/2019 | Book |